Barriers to new entrants to Scottish farming (Record no. 109083)

MARC details
000 -LEADER
fixed length control field 02330cad a22002655a 4500
001 - CONTROL NUMBER
control field L146237
008 - FIXED-LENGTH DATA ELEMENTS--GENERAL INFORMATION
fixed length control field 081217s2008 xxk f 000 0 eng d
035 ## - SYSTEM CONTROL NUMBER
System control number (Sirsi) u146237
041 0# - LANGUAGE CODE
Language code of text/sound track or separate title eng
050 04 - LIBRARY OF CONGRESS CALL NUMBER
Classification number 630.09411 $2 18
110 2# - MAIN ENTRY--CORPORATE NAME
Corporate name or jurisdiction name as entry element Macaulay Institute
9 (RLIN) 5679
245 00 - TITLE STATEMENT
Title Barriers to new entrants to Scottish farming
Remainder of title an industry consultation for the Tenant Farming Forum
Medium [electronic resource]
260 ## - PUBLICATION, DISTRIBUTION, ETC.
Place of publication, distribution, etc. [S.l.]
Name of publisher, distributor, etc. [s.n.]
Date of publication, distribution, etc. 2008
505 2# - FORMATTED CONTENTS NOTE
Formatted contents note Summary: report aims; literature review of research into the new entrant issue; consultation document responses; consultation workshops findings; questionnaire survey findings; some key discussion points -- Introduction -- Methods -- Literature review of research into the new entrant issue: introduction; a historical perspective; a policy perspective; the dynamics of farm adjustment with particular reference to entry to and exit from farming; barriers to new entrants; experience outwith Scotland in relation to new entrant succession policies -- Consultation document responses: is there a new entrant problem?; what is the cause of the problem?; where is the problem?; the barriers to new entrants; opportunities for new entrants; solutions; responses in relation to status -- Consultation workshops feedback: workshop profiles; workshop results -- The survey, methodology, results and analysis: introduction; methodology; profile of respondents; access routes into agricultural activity; access routes, barriers and opportunities; comparison of consultation and survey result; commentary -- Conclusions -- References -- Appendices
520 ## - SUMMARY, ETC.
Summary, etc. Presents the results of research into the the potential barriers to new entrants to tenant farming, carried out on behalf of the Tenant Farming Forum (TFF). The research informed the recommendations made by the TFF to the Scottish Government (see E146236).
521 ## - TARGET AUDIENCE NOTE
Target audience note Advanced
590 ## - LOCAL NOTE (RLIN)
Local note KA
651 #4 - SUBJECT ADDED ENTRY--GEOGRAPHIC NAME
Geographic name Scotland
Chronological subdivision 1999-
690 ## - LOCAL SUBJECT ADDED ENTRY--TOPICAL TERM (OCLC, RLIN)
Topical term or geographic name as entry element PROPERTY-LANDLORD AND TENANT-TENANCIES-AGRICULTURAL TENANCIES
700 1# - ADDED ENTRY--PERSONAL NAME
Personal name Cook, Peter
710 1# - ADDED ENTRY--CORPORATE NAME
Corporate name or jurisdiction name as entry element Rural Development Council
710 1# - ADDED ENTRY--CORPORATE NAME
Corporate name or jurisdiction name as entry element Scottish Agricultural College
9 (RLIN) 3388
856 40 - ELECTRONIC LOCATION AND ACCESS
Uniform Resource Identifier <a href="https://www.tenantfarmingforum.org.uk/resources/000/244/597/58_final_report_from_contractors.pdf">https://www.tenantfarmingforum.org.uk/resources/000/244/597/58_final_report_from_contractors.pdf</a>
Public note View the report free of charge at www.tenantfarmingforum.org.uk
942 ## - ADDED ENTRY ELEMENTS (KOHA)
Suppress in OPAC 0
Holdings
Withdrawn status Lost status Source of classification or shelving scheme Damaged status Not for loan Home library Current library Shelving location Date acquired Total Checkouts Full call number Barcode Date last seen Copy number Price effective from Koha item type
    Dewey Decimal Classification     Virtual Virtual Online 17/12/2008   ONLINE PUBLICATION 146237-2001 06/08/2019 1 06/08/2019 Book